Evaluation & enhancement of voip capacity in ieee 802.11n wlans (Record no. 12262)
[ view plain ]
| 000 -LEADER | |
|---|---|
| fixed length control field | 00424nam a22001337a 4500 |
| 082 ## - DEWEY DECIMAL CLASSIFICATION NUMBER | |
| Classification number | MS-CSE-2 ATH |
| 100 ## - MAIN ENTRY--PERSONAL NAME | |
| Personal name | Ather Suleman |
| 9 (RLIN) | 98957 |
| 245 ## - TITLE STATEMENT | |
| Title | Evaluation & enhancement of voip capacity in ieee 802.11n wlans |
| 260 ## - PUBLICATION, DISTRIBUTION, ETC. | |
| Place of publication, distribution, etc. | Islamabad |
| Name of publisher, distributor, etc. | NUST university |
| Date of publication, distribution, etc. | 2013 |
| 300 ## - PHYSICAL DESCRIPTION | |
| Extent | 54p. : |
| Accompanying material | CD-Rom |
| 500 ## - GENERAL NOTE | |
| General note | Supervisor: Dr. Zawar Hussain Shah |
| 856 ## - ELECTRONIC LOCATION AND ACCESS | |
| Uniform Resource Identifier | <a href="http://10.250.8.41:8080/xmlui/handle/123456789/9641">http://10.250.8.41:8080/xmlui/handle/123456789/9641</a> |
| 942 ## - ADDED ENTRY ELEMENTS (KOHA) | |
| Koha item type | Project Report |
| Source of classification or shelving scheme | |
| Withdrawn status | Lost status | Damaged status | Not for loan | Collection code | Permanent Location | Current Location | Shelving location | Date acquired | Total Checkouts | Full call number | Barcode | Date last seen | Price effective from | Koha item type | Source of classification or shelving scheme |
|---|---|---|---|---|---|---|---|---|---|---|---|---|---|---|---|
| Central Library (CL) | Central Library (CL) | General Stacks | 12/17/2013 | MS-CSE-2 ATH | SEECSP01308 | 12/17/2013 | 12/17/2013 | Project Report | |||||||
| Central Library (CL) | Central Library (CL) | Thesis | 10/07/2019 | 621.382 | CL-T-3404 | 10/07/2019 | 10/07/2019 | Thesis |
